00160 a2200061 4500100003600000245004500036999001700081 aConselice, christopher J949427 aThe cosmic evloution of galaxy structure c36197d36197